| 000 | 00538nam a22001937a 4500 | ||
|---|---|---|---|
| 003 | OSt | ||
| 005 | 20140310182212.0 | ||
| 008 | 130906t xxu||||| |||| 00| 0 eng d | ||
| 020 | _a9780831718657 | ||
| 050 |
_aTT 870 _b.Ow97 1991 |
||
| 082 |
_aHS 745.54 _bOw2 1991 |
||
| 100 |
_aOwen, Cheryl. _916844 |
||
| 245 | _aCreative design : paper crafts. | ||
| 260 |
_aUnited Kingdom : _b Salamander Books, _c1991. |
||
| 300 |
_a94 p. : _bcol. ;ill. ; _c29 cm. |
||
| 650 |
_a Paper handicrafts. _916845 |
||
| 942 |
_2lcc _cHS |
||
| 999 |
_c10504 _d10504 |
||